000 00288 a2200133 4500
999 _c12196
_d12196
003 OSt
005 20240111175656.0
008 240111b ||||| |||| 00| 0 eng d
020 _a9788997079728
100 _aDMP
245 _aSigns in cultural facilities
260 _bDMP
942 _2ddc